LEADER 01129oam 2200325 450 001 9910141818603321 005 20230621140031.0 035 $a(CKB)2670000000409840 035 $a(EXLCZ)992670000000409840 100 $a20191103c2009uuuu |u 0 101 0 $aeng 181 $ctxt$2rdacontent 182 $cc$2rdamedia 183 $acr$2rdacarrier 200 10$aBiocultural diversity and Indigenous ways of knowing$b[electronic resource] $ereframing human ecology in the Arctic and Sub-Arctic /$fKarim-Aly S. Kassam 210 1$aCalgary :$cUniversity of Calgary Press,$d2009 215 $a1 online resource (270 pages) $cillustrations 311 08$aPrint version: 9781552382530 320 $aIncludes bibliographical references and index. 517 $aBiocultural Diversity and Indigenous Ways of Knowing 606 $aEcology 606 $aBiodiversity 615 0$aEcology 615 0$aBiodiversity 700 $aKassam$b Karim-Aly S.$0901592 801 0$bUkMaJRU 906 $aBOOK 912 $a9910141818603321 996 $aBiocultural diversity and indigenous ways of knowing$92015080 997 $aUNINA